Most Rectangular Countries - Statistics

General Stats
  • This quiz has been taken 21 times
  • The average score is 5 of 14
Answer Stats
Index Country % Correct
0.955 Egypt
79%
0.917 Sudan
68%
0.928 Yemen
53%
0.924 Ghana
47%
0.919 Poland
37%
0.910 Turkey
37%
0.936 Lesotho
32%
0.916 Eswatini
26%
0.917 Nauru
26%
0.913 Sierra Leone
26%
0.948 Vatican City
26%
0.919 Ivory Coast
21%
0.915 Uruguay
21%
0.921 North Macedonia
16%
No matching quizzes found
Score Distribution
Percent of People with Each Score
Percentile by Number Answered
Your Score History
You have not taken this quiz